000
00221nam a2200097Ia 4500
008
230508s1989 xx 000 0 und d
041
_a
eng
100
_a
S. RAMAMRUTHAM.
245
_a
STRENGTH OF MATERIALS
260
_c
1989
999
_c
315518
_d
315518